000 00811nam a22002417a 4500
005 20170124105933.0
010 _aA-709773
020 _c00.00
_a8170440831
035 _aA-709773
037 _bCen Lib/Ret
040 _aDPL
_bEN
082 _a338.91
_bUPR
100 _aUpreti, B.C.
_95415
245 _aDynamics of foreign aid :
_cby B.c. Upreti
_ba case study of indian aid to nepal /
260 _aJaipur
_c1988
_bPrintwell Publishers
270 _bJaipur
_aS-12, shopping complex, tilak nagar
_e302004
300 _axiii, 217p.
_c20cm(Hb)
500 _aIncludes bibliographical references and index
650 _aNational development
_98755
650 _aDiplomacy
_92080
650 _aचिकित्सा विज्ञान
_979884
942 _2ddc
_cEN
_h338.91
_mUPR
999 _c123971
_d123971